| 000 | 00874cam a2200241 4500 | ||
|---|---|---|---|
| 008 | 090401t1996 xxu||||| |||| 00| 0 eng d | ||
| 020 | _a1900858037 | ||
| 035 | _a(Sirsi) u44538 | ||
| 041 | _aeng | ||
| 050 | _a690.24 | ||
| 110 |
_aBuilding Maintenance Information _93229 |
||
| 245 | 4 | _aThe economic significance of maintenance : maintenance expenditure 1980-1995. | |
| 260 |
_aKingston upon Thames _bBuilding Maintenance Information _c1996 |
||
| 300 | _a12p. ; 30cm. | ||
| 350 | _a0 | ||
| 490 |
_aSerial _v254 |
||
| 490 | _aBMI Special Report | ||
| 520 | _aSUBSCRIPTION SERVICE - NOT FOR LOAN OR PHOTOCOPYING. No part of this item can be read out over the phone. Please contact BMI direct on 0171-222-7000 for details. | ||
| 650 | _aMAINTENANCE EXPENDITURE | ||
| 690 | _aBUILDING AND CONSTRUCTION-REPAIRS AND MAINTENANCE | ||
| 942 | _n0 | ||
| 948 | _c04/03/1997 | ||
| 999 |
_c91556 _d91556 |
||